UITU Library & LRC     

Human Communication (Record no. 4783)

MARC details
000 -LEADER
fixed length control field 00447nam a2200181Ia 4500
008 - FIXED-LENGTH DATA ELEMENTS--GENERAL INFORMATION
fixed length control field 240925s9999 xx 000 0 und d
020 ## - INTERNATIONAL STANDARD BOOK NUMBER
International Standard Book Number NA
082 ## - DEWEY DECIMAL CLASSIFICATION NUMBER
Classification number 658.45 HAR
100 ## - MAIN ENTRY--PERSONAL NAME
Personal name Harris, Stuart
245 #0 - TITLE STATEMENT
Title Human Communication
250 ## - EDITION STATEMENT
Edition statement NA
260 ## - PUBLICATION, DISTRIBUTION, ETC.
Place of publication, distribution, etc. New Delhi:
Name of publisher, distributor, etc. BPB Publication
Date of publication, distribution, etc. ,1992.
300 ## - PHYSICAL DESCRIPTION
Extent xvi,550p.
Other physical details NA
Type of unit Photocopy
500 ## - GENERAL NOTE
General note Includes Index
600 ## - SUBJECT ADDED ENTRY--PERSONAL NAME
Personal name Engineering Technology
650 ## - SUBJECT ADDED ENTRY--TOPICAL TERM
Topical term or geographic name entry element Management
942 ## - ADDED ENTRY ELEMENTS (KOHA)
Koha item type Books
Holdings
Withdrawn status Lost status Damaged status Not for loan Collection Home library Current library Date acquired Source of acquisition Total checkouts Full call number Barcode Date last seen Price effective from Koha item type
Write Off       Engineering Technology UITU Library UITU Library 02/23/2000 Photo Stat   658.45 HAR Q2284 09/25/2024 09/25/2024 Books

Powered by Koha